header

The filaria (Record no. 169577)

MARC details
000 -LEADER
fixed length control field 01202nam a2200313Ia 4500
245 04 - TITLE STATEMENT
Title The filaria
260 ## - PUBLICATION, DISTRIBUTION, ETC. (IMPRINT)
Place of publication Boston, Mass. :
Name of publisher Kluwer Academic Publishers,
Year of publication c2002.
300 ## - PHYSICAL DESCRIPTION
Number of Pages 190 p. :
Other physical details ill.
490 1# - SERIES STATEMENT
Series statement World class parasites ;
650 #0 - SUBJECT ADDED ENTRY--TOPICAL TERM
Topical Term Filariasis.
Topical Term Filarial worms.
700 1# - ADDED ENTRY--PERSONAL NAME
Personal name Klei, Thomas R.,
Personal name Rajan, T. V.,
856 40 - ELECTRONIC LOCATION AND ACCESS
Uniform Resource Identifier http://site.ebrary.com/lib/rucke/Doc?id=10053406

No items available.

© 2026 Rongo University
Contact us: librarian | system librarian | Rongo university